01019nam a2200277 a 4500001001500000003000900015005001700024008004100041040002300082041000800105050002300113245009600136246002300232260004700255300001800302500001900320504003400339526000800373590003500381650004400416650004700460700002300507942001200530952018200542999001700724BD-DhNSU-30964BD-DhNSU20260422112638.0260422s2025 bg ||||g vw|| 000 0|eng|d aBD-DhNSUcBD-DhNSU aeng00aKNG19b.A2B36 202504aThe Bangladesh law chronicles :b(a monthly law journal) ,nVol. 30 /cedited by Faria Huq.0 aB.L.C.bVolume XXX aDhaka :bBangladesh Law Chronicles,c2025. avp. ;c25 cm. aRegd DA- 1722  aCit. 30 BLC (AD); 30 BLC etc.0 aLaw aSumaiya Kainat Bintey Kohinoor 0aLaw reports, digests, etc.zBangladesh. 0aLaw reports, digests, etc.zIndiazBengal.1 aHuq, Fariaeeditor 2lcccBK 00102lcc40718REFaLCRbLCRcGENd2026-04-08eKarim InternationalfBDTg1435.00hvol-30iKI/NSU/L-77/25-26l0oKNG19.A2B36 2025p49317r2026-04-22 11:27:36t1w2026-03-09yBK c30964d30964